Estado Brasileiro Aleatório por Capital - Statistics

Estatísticas Gerais
  • Esse quiz foi jogado 11 336 vezes
  • A pontuação média é 9 de 10
Estatísticas das Respostas
Capital Estado % Correto
Rio de Janeiro Rio de Janeiro
99%
São Paulo São Paulo
98%
Salvador Bahia
97%
Goiânia Goiás
97%
Belo Horizonte Minas Gerais
97%
Brasília Distrito Federal
96%
Belém Pará
96%
Manaus Amazonas
94%
Curitiba Paraná
94%
Florianópolis Santa Catarina
94%
Rio Branco Acre
93%
Fortaleza Ceará
93%
Porto Alegre Rio Grande do Sul
93%
Palmas Tocantins
93%
Vitória Espírito Santo
92%
Recife Pernambuco
92%
Macapá Amapá
91%
São Luís Maranhão
91%
Natal Rio Grande do Norte
91%
Cuiabá Mato Grosso
88%
Teresina Piauí
88%
Maceió Alagoas
87%
Campo Grande Mato Grosso do Sul
87%
João Pessoa Paraíba
86%
Aracaju Sergipe
86%
Porto Velho Rondônia
85%
Boa Vista Roraima
83%
Nenhum quiz correspondente encontrado
Distribuição das Pontuações
Porcentagem de Pessoas com Cada Pontuação
Percentil de Números Respondidos
Sua Pontuação Histórica
Você não jogou esse quiz